| 000 | 00361 a2200157 4500 | ||
|---|---|---|---|
| 001 | 56899 | ||
| 020 | _a9788532267955 | ||
| 040 | _cAnchieta - Pituba | ||
| 100 | _aAlbergaria, Lino de | ||
| 240 | 1 | 0 |
_aQuando eu acabar de crescer _lpor |
| 245 | 1 | 0 | _aQuando eu acabar de crescer |
| 300 | _a103 | ||
| 362 | 0 | _a2008 | |
| 650 | 4 | _aLiteratura juvenil | |
| 942 | _cBK | ||
| 999 |
_c56899 _d56899 |
||